000 00611nam a2200193Ia 4500
005 20250508155643.0
008 008 250505s9999 xx 000 0 eng d
037 _aBooks to be hide in OPAC
040 _aFEDL
_beng
_cFEDL
041 _aeng
_2eng
084 _a370.73, NCE/O
_qFEDL
100 _aMalani Indira
245 0 _aSyllabi of pre-primary teacher training institutions
260 _aNew Delhi, India
_bNational Council of Educational Research and Training
_c1968
300 _a24p.
700 _a Singhal Nalini
_9767209
942 _cHB
_h370.73, NCE/O
999 _c1358552
_d1358552